|
|
|
|
| LEADER |
00000nab a2200000 a 4500 |
| 001 |
vtls000640664 |
| 003 |
SK-MaSNL |
| 005 |
20260304095208.0 |
| 008 |
250425c1997 xo 0 slo |
| 015 |
|
|
|a SNBRB19rr/mm-uuuuu
|
| 035 |
|
|
|a CL0640803
|
| 035 |
|
|
|a urn:nbn:sk:snk-ab1p50
|
| 035 |
|
|
|a (urnnbn)urn:nbn:sk:snk:ar-004u4x
|
| 035 |
|
|
|a (uuid)84528871-db03-4dc0-bc0c-be3cb14e9d77
|
| 040 |
|
|
|a SNKBUCL
|b slo
|c SNKBUCL
|e AACR2
|
| 041 |
0 |
|
|a slo
|
| 044 |
|
|
|a xo
|c SK
|
| 080 |
|
|
|a 615.273
|2 1981
|
| 100 |
1 |
|
|a Loučka, Bohumír
|4 aut
|9 10358
|
| 245 |
1 |
0 |
|a Simvastatín
|c B. Loučka
|
| 300 |
|
|
|b Lit. 9 zázn.
|
| 650 |
0 |
7 |
|a simvastatín
|2 snkbucl
|9 502641
|
| 655 |
|
7 |
|a články z novín a časopisov
|2 snkbucl
|9 267496
|
| 773 |
0 |
|
|t Farmaceutický obzor
|g Roč. 66, č. 10 (1997), s. 272-275
|x 0014-8172
|
| 850 |
|
|
|a Slovenská národná knižnica
|
| 852 |
|
|
|a Slovenská národná knižnica
|
| 954 |
|
|
|a odborná, vedecká literatúra pôvodná (slovenská)
|2 lita
|
| 958 |
|
|
|a article27
|
| 958 |
|
|
|a OND
|
| 958 |
|
|
|a NB
|
| 958 |
|
|
|a MI
|
| 958 |
|
|
|a RK
|
| 958 |
|
|
|a EUIPO
|
| 992 |
|
|
|a RBX
|
| 999 |
|
|
|c 2831313
|d 2833243
|